[Event "POL-ChT3"]
[Site "Lazy POL"]
[Date "2012.09.02"]
[Round "2"]
[White "Skrzypczak, Michal"]
[Black "Perdek, Miroslaw"]
[Result "0-1"]
[WhiteElo "1990"]
[BlackElo "2236"]
[EventDate "2012.09.01"]
[PlyCount "50"]

1.d4 d5 2.e3 Nf6 3.Nf3 e6 4.Bd3 c5 5.c3 Nc6 6.Nbd2 Bd6 7.O-O O-O 8.b3 e5 
9.dxc5 Bxc5 10.e4 d4 11.c4 Nh5 12.Nxe5 Nxe5 13.Qxh5 Nxd3 14.f4 g6 15.Qh6 
Re8 16.f5 Bf8 17.Qh3 Nxc1 18.Raxc1 Qg5 19.Nf3 Qe3+ 20.Kh1 Rxe4 21.g4 Qh6 
22.Qg2 Bd7 23.Nd2 Re7 24.g5 Qh5 25.Qxb7 Rc8 0-1

[Event "POL-ChT3"]
[Site "Lazy POL"]
[Date "2012.09.02"]
[Round "2"]
[White "Piotrowski, Przemyslaw"]
[Black "Kaczmarek, Piotr"]
[Result "1-0"]
[WhiteElo "1965"]
[BlackElo "1839"]
[EventDate "2012.09.01"]
[PlyCount "0"]

1.e4 d5 2.Nc3 d4 3.Nce2 e5 4.d3 Bd6 5.g3 Be6 6.Bg2 c5 7.f4 f6 8.Nf3 Nc6 9.
O-O Qd7 10.f5 Bf7 11.g4 g5 12.h4 h6 13.a3 Nge7 14.Bd2 Nc8 15.Ng3 b5 16.a4 
b4 17.Nh5 Be7 18.hxg5 hxg5 19.Ng7+ Kd8 20.Qe2 Nd6 21.c3 a5 22.cxd4 Nxd4 
23.Nxd4 cxd4 24.Rfc1 Nb7 25.Rc2 b3 26.Rcc1 Nc5 27.Bf1 Bf8 28.Qe1 Qa7 29.
Ne6+ Nxe6 30.fxe6 Bxe6 31.Rc6 Bd7 32.Rxf6 Be7 33.Qf2 Rg8 34.Rc1 Rc8 35.
Bxg5 Rxg5 36.Rf8+ Be8 37.Rxc8+ Kxc8 38.Rxe8+ Kd7 39.Qf7 Qc5 40.Be2 Qc1+ 
41.Kg2 Qc5 42.Rb8 Qc6 43.Kg3 Rg6 44.Qe8+ 1-0

[Event "POL-ChT3"]
[Site "Lazy POL"]
[Date "2012.09.02"]
[Round "2"]
[White "Kozlowska, Marzena"]
[Black "Poznanska, Katarzyna"]
[Result "0-1"]
[WhiteElo "1913"]
[BlackElo "2086"]
[EventDate "2012.09.01"]
[PlyCount "0"]

1.b4 d5 2.Bb2 Nf6 3.Nf3 e6 4.a3 a5 5.b5 c5 6.e3 Nbd7 7.c4 Nb6 8.cxd5 exd5 
9.Be2 Be7 10.O-O O-O 11.Qc2 Bg4 12.d3 a4 13.Nc3 Re8 14.d4 Rc8 15.dxc5 Bxc5
16.Qd1 Bxf3 17.gxf3 d4 18.exd4 Bxd4 19.Nxa4 Bxb2 20.Nxb2 Nfd5 21.Kh1 Qf6 
22.Qd2 Nf4 23.Rae1 Nxe2 0-1

[Event "POL-ChT3"]
[Site "Lazy POL"]
[Date "2012.09.02"]
[Round "2"]
[White "Jurkiewicz, Krzysztof"]
[Black "Banasik, Krzysztof"]
[Result "1/2-1/2"]
[WhiteElo "2314"]
[BlackElo "2284"]
[EventDate "2012.09.01"]
[PlyCount "52"]

1.c4 Nf6 2.Nc3 e6 3.e4 d5 4.e5 d4 5.exf6 dxc3 6.fxg7 cxd2+ 7.Qxd2 Qxd2+ 8.
Bxd2 Bxg7 9.O-O-O Nc6 10.Ne2 Bd7 11.Bc3 e5 12.Ng3 O-O-O 13.Bd3 Nd4 14.Rhe1
Be6 15.b3 h5 16.Bxd4 Rxd4 17.Bf5 Rd6 18.Bxe6+ Rxe6 19.Nf5 Bf6 20.g3 h4 21.
g4 h3 22.f3 Bg5+ 23.Kc2 Bf4 24.Re2 Rg8 25.Rg1 Rd8 26.Rd1 Rg8 1/2-1/2

[Event "POL-ChT3"]
[Site "Lazy POL"]
[Date "2012.09.02"]
[Round "2"]
[White "Tustanowski, Robert"]
[Black "Zielinski, Maciej"]
[Result "1/2-1/2"]
[WhiteElo "2304"]
[BlackElo "2073"]
[EventDate "2012.09.01"]
[PlyCount "87"]

1.e4 e5 2.Nf3 Nc6 3.Bc4 Nf6 4.d3 Bc5 5.Nc3 d6 6.Be3 Bb6 7.a3 Be6 8.O-O O-O
9.Bxe6 fxe6 10.Bxb6 axb6 11.d4 exd4 12.Nxd4 Nxd4 13.Qxd4 e5 14.Qc4+ Kh8 
15.Rad1 Qe7 16.Rd3 Qf7 17.Qxf7 Rxf7 18.a4 Kg8 19.g3 Nd7 20.Kg2 Nc5 21.Rd2 
Ne6 22.b3 g6 23.Nd5 Raf8 24.h4 h5 25.f3 Kg7 26.Rdf2 Nc5 27.Nc3 Ne6 28.b4 
Ra8 29.f4 exf4 30.gxf4 Raf8 31.Kg3 Nd4 32.Nd5 c6 33.Nc3 d5 34.exd5 Nf5+ 
35.Kh3 Ne3 36.Re1 Nxd5 37.Nxd5 cxd5 38.Kg3 Rc8 39.Re6 Rc6 40.Rxc6 bxc6 41.
c3 Ra7 42.Ra2 Kf6 43.a5 bxa5 44.Rxa5 1/2-1/2

[Event "POL-ChT3"]
[Site "Lazy POL"]
[Date "2012.09.02"]
[Round "2"]
[White "Zielinski, Stanislaw"]
[Black "Siekaniec, Jan"]
[Result "1-0"]
[WhiteElo "2133"]
[BlackElo "2159"]
[EventDate "2012.09.01"]
[PlyCount "0"]

1.e4 c5 2.Nc3 d6 3.f4 Nc6 4.Nf3 g6 5.Bc4 Bg7 6.O-O Nf6 7.d3 e6 8.f5 d5 9.
exd5 exd5 10.Qe1+ Kf8 11.Bb3 Bxf5 12.Nh4 c4 13.Nxf5 gxf5 14.Ba4 Nd4 15.Bg5
b5 16.Nxb5 Nxb5 17.Bxb5 Qb6+ 18.Qf2 cxd3 19.Qxb6 axb6 20.cxd3 Ng4 21.h3 
Bd4+ 22.Kh1 h6 23.Bd2 Nf2+ 24.Kh2 Bxb2 25.Rae1 Bd4 26.a4 Rc8 27.Re2 Ne4 
28.dxe4 fxe4 29.Rf5 Rd8 30.Bc6 f6 31.Rxd5 Be5+ 32.g3 Kg7 33.Rxd8 Rxd8 34.
Bxe4 Rd4 35.Bc6 h5 36.Kg2 h4 37.g4 Rd3 38.Be1 Bg3 39.Bxg3 Rxg3+ 40.Kh2 Rb3
41.Bb5 Kg6 42.Re6 Rb2+ 43.Kg1 Rb1+ 44.Kf2 Rb2+ 45.Re2 Rb3 46.Re3 Rb2+ 47.
Kf3 Rb4 48.Rd3 Rb1 49.Rd6 Rb3+ 50.Kf4 Rb4+ 51.Ke3 Kg7 52.Kd2 Rb2+ 53.Kc3 
Rf2 54.Rd3 Rf4 55.Bc4 f5 56.gxf5 Rxf5 57.Kb4 Rf4 58.Rd6 Rf3 59.Bb5 Kf7 1-0

[Event "POL-ChT3"]
[Site "Lazy POL"]
[Date "2012.09.02"]
[Round "2"]
[White "Olszynski, Kazimierz"]
[Black "Bugalski, Michal"]
[Result "1/2-1/2"]
[WhiteElo "2185"]
[BlackElo "2183"]
[EventDate "2012.09.01"]
[PlyCount "106"]

1.f4 e6 2.e4 d5 3.e5 c5 4.Nf3 Nc6 5.Be2 Nh6 6.O-O Nf5 7.c3 h5 8.Na3 Bd7 9.
d3 Qb6 10.Nc2 h4 11.Rb1 d4 12.c4 a5 13.Ng5 Nb4 14.Nxb4 axb4 15.Ra1 Ba4 16.
b3 Bc6 17.Bf3 Be7 18.Ne4 Ra5 19.Qe2 Qa6 20.Rf2 b5 21.Nd2 Ne3 22.Bxc6+ Qxc6
23.cxb5 Qxb5 24.Nc4 Nxc4 25.dxc4 Qc6 26.f5 exf5 27.Rxf5 h3 28.g3 g6 29.Rf2
Ra7 30.Bf4 Rd7 31.a4 d3 32.Qf3 Qxf3 33.Rxf3 O-O 34.Rd1 Rfd8 35.Kf1 Rd4 36.
Bd2 Re4 37.Re1 Red4 38.Ra1 R8d7 39.Rf4 f5 40.Rxd4 Rxd4 41.Be3 Rd8 42.Ke1 
Kf7 43.Kd2 Ke6 44.Re1 g5 45.Ra1 Rd7 46.a5 Kxe5 47.a6 Ra7 48.Kxd3 Kd6 49.
Rf1 Ke6 50.Re1 Kd6 51.Rf1 Ke6 52.Re1 Kd6 53.Rf1 Ke6 1/2-1/2

[Event "POL-ChT3"]
[Site "Lazy POL"]
[Date "2012.09.02"]
[Round "2"]
[White "Zielinski, Wojciech"]
[Black "Szczesniak, Konrad"]
[Result "1-0"]
[WhiteElo "2097"]
[BlackElo "2171"]
[EventDate "2012.09.01"]
[PlyCount "59"]

1.e4 c5 2.Nf3 Nc6 3.d4 cxd4 4.Nxd4 Nf6 5.Nc3 e5 6.Ndb5 d6 7.Nd5 Nxd5 8.
exd5 Ne7 9.c4 a6 10.Qa4 axb5 11.Qxa8 Qc7 12.Bd2 bxc4 13.Rc1 b5 14.a4 Qb7 
15.Qxb7 Bxb7 16.axb5 Bxd5 17.f3 Bb7 18.Bxc4 Nd5 19.Bxd5 Bxd5 20.Rc7 Be7 
21.Rc8+ Bd8 22.Ba5 Ke7 23.Rxd8 Rxd8 24.Bxd8+ Kxd8 25.Kd2 Bb7 26.Rc1 Kd7 
27.b6 Bc6 28.b4 h5 29.b5 Bd5 30.Rc7+ 1-0

[Event "POL-ChT3"]
[Site "Lazy POL"]
[Date "2012.09.02"]
[Round "2"]
[White "Buksa, Ewelina"]
[Black "Jurkiewicz, Joanna"]
[Result "1/2-1/2"]
[WhiteElo "1533"]
[BlackElo "1814"]
[EventDate "2012.09.01"]
[PlyCount "57"]

1.e4 c5 2.Nf3 Nc6 3.d4 cxd4 4.Nxd4 Nf6 5.Nc3 e6 6.Be2 d6 7.O-O Be7 8.Be3 
O-O 9.h3 a6 10.a4 Qc7 11.Qd2 Na5 12.Rfd1 Nc4 13.Bxc4 Qxc4 14.Qd3 Qxd3 15.
Rxd3 Nd7 16.Nf3 b6 17.Re1 Rd8 18.Bd4 Bb7 19.Rdd1 Rac8 20.Re2 Nc5 21.Nd2 
Bc6 22.Bxc5 dxc5 23.Rde1 Rd4 24.Nf3 Rdd8 25.Ne5 Bb7 26.Nd3 c4 27.Nf4 Bb4 
28.g3 Bc6 29.Ra1 1/2-1/2

[Event "POL-ChT3"]
[Site "Lazy POL"]
[Date "2012.09.02"]
[Round "2"]
[White "Rawicz, Karol"]
[Black "Plichta, Kamil"]
[Result "1-0"]
[WhiteElo "2250"]
[BlackElo "2195"]
[EventDate "2012.09.01"]
[PlyCount "79"]

1.d4 Nf6 2.c4 g6 3.Nc3 Bg7 4.e4 d6 5.f3 O-O 6.Be3 c5 7.d5 e6 8.Nge2 Re8 9.
Ng3 Na6 10.Be2 Nc7 11.O-O Rb8 12.dxe6 Bxe6 13.Qd2 Qe7 14.Rad1 Rbd8 15.Bf4 
Bf8 16.Rfe1 Bc8 17.Bf1 Qd7 18.Bg5 Bg7 19.Bh6 Qc6 20.Qf4 a6 21.Rd2 Ne6 22.
Qh4 Bxh6 23.Qxh6 Nd4 24.Nge2 Nxe2+ 25.Bxe2 Re7 26.Qh4 Kg7 27.Red1 h6 28.f4
Rxe4 29.Bf3 g5 30.Qg3 g4 31.Bxe4 Nxe4 32.Nxe4 Qxe4 33.Qc3+ Kg6 34.Rxd6+ 
Rxd6 35.Rxd6+ Be6 36.Qd3 Qxd3 37.Rxd3 Bxc4 38.Rc3 Bxa2 39.Rxc5 Be6 40.Kf2 
1-0

[Event "POL-ChT3"]
[Site "Lazy POL"]
[Date "2012.09.02"]
[Round "2"]
[White "Nguyen, Piotr"]
[Black "Muc, Marcin"]
[Result "0-1"]
[WhiteElo "2382"]
[BlackElo "2165"]
[EventDate "2012.09.01"]
[PlyCount "52"]

1.d4 d5 2.c4 e6 3.Nc3 Nf6 4.cxd5 exd5 5.Bg5 Be7 6.e3 O-O 7.Bd3 c6 8.Nge2 
Nbd7 9.Qc2 Re8 10.h3 Nf8 11.O-O-O b5 12.g4 a5 13.Kb1 a4 14.Ng3 Qa5 15.Rc1 
b4 16.Nce2 Bd7 17.Bf5 Bxf5 18.gxf5 b3 19.Qc3 Bb4 20.Qxc6 a3 21.Bxf6 bxa2+ 
22.Ka1 axb2+ 23.Kxb2 a1=Q+ 24.Rxa1 Ba3+ 25.Kc2 Rec8 26.Qc5 Nd7 0-1

[Event "POL-ChT3"]
[Site "Lazy POL"]
[Date "2012.09.02"]
[Round "2"]
[White "Fistek, Dariusz"]
[Black "Paterek, Michal"]
[Result "1/2-1/2"]
[WhiteElo "2242"]
[BlackElo "2304"]
[EventDate "2012.09.01"]
[PlyCount "153"]

1.d4 d5 2.c4 c6 3.Nc3 Nf6 4.Nf3 a6 5.c5 g6 6.Bf4 Bg7 7.g3 Nbd7 8.Bg2 Nh5 
9.Bd2 O-O 10.O-O Re8 11.e4 dxe4 12.Nxe4 Nhf6 13.Re1 Nxe4 14.Rxe4 Nf6 15.
Re1 Bg4 16.Qa4 Bxf3 17.Bxf3 Qd7 18.Rad1 Nd5 19.Qc4 Rad8 20.a4 Qf5 21.Kg2 
Rd7 22.b4 Red8 23.Bc1 Nc7 24.Bb2 Ne6 25.Be4 Qf6 26.b5 axb5 27.axb5 Nxd4 
28.bxc6 bxc6 29.Qa6 e5 30.Bxd4 exd4 31.Qxc6 Qxc6 32.Bxc6 Rc7 33.Ba4 Rxc5 
34.Re7 Kf8 35.Rb7 Be5 36.Rd3 Rc7 37.Rxc7 Bxc7 38.f4 Ba5 39.Kf3 Bc3 40.g4 
Ke7 41.Bb3 Rd7 42.Ke4 Rb7 43.Bd5 Rb5 44.f5 Kf6 45.Rh3 Kg7 46.fxg6 hxg6 47.
Rf3 f6 48.h4 Rb1 49.Rh3 Rg1 50.Kf4 Bd2+ 51.Kf3 Re1 52.Kf2 Re5 53.Bc4 f5 
54.gxf5 Rxf5+ 55.Ke2 Be3 56.Rh2 Kh6 57.Bd3 Rf6 58.Rg2 Kh5 59.Be4 Ra6 60.
Kf3 Kh6 61.Bb1 Rf6+ 62.Ke2 Rb6 63.Bd3 Rb2+ 64.Kf3 Rb6 65.Ke2 Kh5 66.Kf3 
Bh6 67.Ke4 Bg7 68.Kd5 Rf6 69.Rg5+ Kh6 70.Rg2 Rb6 71.Rg4 Bh8 72.Rg2 Rf6 73.
Rg4 Rb6 74.Rg2 Kh5 75.Rg5+ Kxh4 76.Rxg6 Rxg6 77.Bxg6 1/2-1/2

[Event "POL-ChT3"]
[Site "Lazy POL"]
[Date "2012.09.02"]
[Round "2"]
[White "Skawinski, Arkadiusz"]
[Black "Lusio, Daniel"]
[Result "1/2-1/2"]
[WhiteElo "2309"]
[BlackElo "1861"]
[EventDate "2012.09.01"]
[PlyCount "68"]

1.e4 c5 2.c3 d5 3.d3 Nc6 4.Nd2 Nf6 5.Ngf3 dxe4 6.dxe4 e5 7.Qc2 a6 8.a4 Be7
9.Be2 O-O 10.O-O Qc7 11.Nc4 b6 12.Bg5 Be6 13.Ne3 Rfd8 14.Bc4 Bxc4 15.Nxc4 
Nd7 16.Ne3 Bxg5 17.Nd5 Qb7 18.Nxg5 h6 19.Nf3 Nf8 20.Qb3 Rab8 21.Rfd1 Ne6 
22.Rd2 b5 23.axb5 axb5 24.Qc2 c4 25.b4 cxb3 26.Qxb3 Nc5 27.Qc2 Ra8 28.Rxa8
Rxa8 29.h3 f6 30.Nh4 Ra4 31.Nb4 Nxb4 32.cxb4 Qxe4 33.bxc5 Qxh4 34.Rd8+ Kf7
1/2-1/2

[Event "POL-ChT3"]
[Site "Lazy POL"]
[Date "2012.09.02"]
[Round "2"]
[White "Wozny, Tomasz"]
[Black "Flak, Pawel"]
[Result "0-1"]
[WhiteElo "1783"]
[BlackElo "2243"]
[EventDate "2012.09.01"]
[PlyCount "0"]

1.g3 d5 2.d4 Nf6 3.Nf3 c6 4.Bg2 Bf5 5.O-O e6 6.c4 Nbd7 7.b3 h6 8.Bb2 Be7 
9.Nc3 O-O 10.Re1 Ne4 11.Nd2 Nxd2 12.Qxd2 Nf6 13.e4 dxe4 14.Nxe4 Nxe4 15.
Bxe4 Bxe4 16.Rxe4 Bf6 17.Rd1 Qc7 18.Rg4 Bg5 19.Qe2 f5 20.h4 fxg4 21.hxg5 
hxg5 22.Qxe6+ Qf7 23.Qxf7+ Kxf7 24.Bc1 Kf6 25.Be3 Rad8 26.Kf1 Kf5 27.Ke2 
Ke4 28.a4 a6 29.a5 Rh8 30.b4 Rd7 31.Rc1 Rd6 32.b5 Ra8 33.b6 Re8 34.Rd1 Rd7
35.Rd2 Rf8 36.Rd1 Rf5 37.d5 cxd5 38.Rd4+ Ke5 39.c5 Ke6 40.Rxg4 Rdf7 41.Kd3
Kd7 42.Kd4 Kc6 43.Bxg5 Rxf2 44.Bf4 Rc2 45.Rg6+ Kb5 46.Bd6 Rd2+ 47.Ke5 d4 
48.Ke6 Rdf2 49.Kd5 d3 50.Rg4 R2f5+ 51.Ke6 R7f6+ 52.Kd7 Rd5 53.Kc7 Rfxd6 
0-1

[Event "POL-ChT3"]
[Site "Lazy POL"]
[Date "2012.09.02"]
[Round "2"]
[White "Leszner, Liliana"]
[Black "Sygulska, Anna"]
[Result "0-1"]
[WhiteElo "2068"]
[BlackElo "1898"]
[EventDate "2012.09.01"]
[PlyCount "120"]

1.e4 c5 2.f4 Nc6 3.Nf3 g6 4.g3 Bg7 5.Bg2 d6 6.d3 e6 7.c3 Nge7 8.O-O O-O 9.
Be3 Qc7 10.Nbd2 b6 11.Re1 Bb7 12.Bf2 Rad8 13.Qc2 Rd7 14.Bh3 Re8 15.Rac1 
Qb8 16.d4 Rdd8 17.Qa4 a6 18.Qb3 Ba8 19.a4 Na5 20.Qa2 Nac6 21.Ng5 h6 22.
Ngf3 Qc7 23.b4 cxb4 24.cxb4 Qb7 25.Rb1 b5 26.axb5 axb5 27.Bf1 Rb8 28.g4 
Qd7 29.h3 Kh8 30.Bd3 Rf8 31.Qa6 Qb7 32.Qa2 Qd7 33.Kh2 Nd8 34.Rec1 f5 35.
gxf5 gxf5 36.e5 Nd5 37.Bg3 dxe5 38.fxe5 Nc6 39.Qa6 Ndxb4 40.Qa3 Nxd3 41.
Qxd3 f4 42.Bf2 Nxe5 43.Nxe5 Bxe5 44.Qg6 Bg7 45.Nb3 Bd5 46.Nc5 Qf7 47.Rg1 
Ra8 48.Qxf7 Rxf7 49.Rb2 Ra2 50.Rxa2 Bxa2 51.Re1 Re7 52.Re4 Bd5 53.Rxf4 b4 
54.Bh4 Ra7 55.Bf6 Ra2+ 56.Kg3 Rg2+ 57.Kh4 b3 58.Bxg7+ Kxg7 59.Rf1 b2 60.
Na4 Ba2 0-1

[Event "POL-ChT3"]
[Site "Lazy POL"]
[Date "2012.09.02"]
[Round "2"]
[White "Staroszczyk, Mateusz"]
[Black "Kukula, Pawel"]
[Result "1-0"]
[WhiteElo "2024"]
[BlackElo "2256"]
[EventDate "2012.09.01"]
[PlyCount "0"]

1.e4 c5 2.Nc3 Nc6 3.g3 g6 4.Bg2 Bg7 5.d3 e6 6.Be3 d6 7.Qd2 Rb8 8.Nh3 b5 9.
O-O b4 10.Nd1 Ne5 11.f3 h5 12.Kh1 Ne7 13.Ndf2 Qc7 14.c3 Qa5 15.Rfd1 bxc3 
16.Qxc3 Qxc3 17.bxc3 Ba6 18.Rab1 Rxb1 19.Rxb1 O-O 20.c4 N5c6 21.f4 Nd4 22.
Ng5 Nc2 23.Bd2 Bd4 24.Kg1 Nc6 25.Nf3 Bg7 26.Ne1 N2d4 27.Kf1 e5 28.Nf3 f5 
29.Nxd4 Nxd4 30.exf5 gxf5 31.Bd5+ Kh7 32.fxe5 dxe5 33.Nh3 Kg6 34.Ng5 Rd8 
35.Kg2 Rd6 36.h4 Rb6 37.Rxb6+ axb6 38.a4 Nb3 39.Be3 Bc8 40.Bf7+ Kf6 41.
Bxh5 Bd7 42.Bd1 Nd4 43.Kf2 Bc6 44.Nh3 Bd7 45.Bg5+ Kg6 46.Bd8 f4 47.h5+ Kf7
48.Ng5+ Ke8 49.Bxb6 fxg3+ 50.Kxg3 Bh6 51.Ne4 Bf4+ 52.Kf2 Kf7 53.Bxc5 Nc6 
54.Be3 Kg7 55.Bxf4 exf4 56.Nc5 Bf5 57.Kf3 Ne5+ 58.Kxf4 Kf6 59.Ne4+ Ke6 60.
d4 Nd3+ 61.Ke3 Bxe4 62.Bg4+ Kf6 63.Kxe4 Nb2 64.c5 Nxa4 65.c6 Nc3+ 66.Kd3 
Nd5 67.Bf3 Ne7 68.Kc4 Ke6 69.Kc5 Kf5 70.d5 Kf6 71.d6 Nf5 72.c7 1-0

[Event "POL-ChT3"]
[Site "Lazy POL"]
[Date "2012.09.02"]
[Round "2"]
[White "Krainski, Aleksander"]
[Black "Krasiewicz, Robert"]
[Result "1/2-1/2"]
[WhiteElo "2244"]
[BlackElo "2033"]
[EventDate "2012.09.01"]
[PlyCount "43"]

1.Nf3 f5 2.g3 Nf6 3.Bg2 g6 4.O-O Bg7 5.d4 d6 6.b3 O-O 7.Bb2 a5 8.c4 Na6 9.
Nc3 c6 10.Qc2 Qc7 11.a3 Rb8 12.e4 b5 13.e5 Ng4 14.h3 bxc4 15.hxg4 cxb3 16.
Qe2 fxg4 17.Nd2 dxe5 18.dxe5 Qxe5 19.Qc4+ Qe6 20.Bxc6 Qxc4 21.Nxc4 Nc5 22.
Na4 {zapis nieczytelny} 1/2-1/2

[Event "POL-ChT3"]
[Site "Lazy POL"]
[Date "2012.09.02"]
[Round "2"]
[White "Maciaga, Marcin"]
[Black "Pacuszka, Tomasz"]
[Result "0-1"]
[WhiteElo "2197"]
[BlackElo "2273"]
[EventDate "2012.09.01"]
[PlyCount "54"]

1.d4 d6 2.Nf3 g6 3.c4 Bg7 4.Nc3 Bg4 5.g3 Bxf3 6.exf3 e6 7.Be3 Ne7 8.g4 Nd7
9.Qb3 Qc8 10.d5 e5 11.Be2 b6 12.f4 exf4 13.Bxf4 O-O 14.O-O-O a5 15.h4 h6 
16.h5 g5 17.Be3 f5 18.gxf5 Nxf5 19.Bg4 Ne5 20.Bh3 g4 21.Bg2 a4 22.Qb4 a3 
23.bxa3 Nxe3 24.fxe3 Nf3 25.Ne2 Qf5 26.Nf4 Qe5 27.Qc3 Rxf4 0-1

[Event "POL-ChT3"]
[Site "Lazy POL"]
[Date "2012.09.02"]
[Round "2"]
[White "Krainski, Slawomir"]
[Black "Sliwinski, Marcin"]
[Result "1-0"]
[WhiteElo "2029"]
[BlackElo "2108"]
[EventDate "2012.09.01"]
[PlyCount "0"]

1.Nf3 d5 2.g3 e6 3.Bg2 Bd6 4.c4 c6 5.b3 Nf6 6.Bb2 O-O 7.O-O Nbd7 8.d3 Qc7 
9.Nc3 Re8 10.Rc1 dxc4 11.bxc4 Nf8 12.d4 Bd7 13.e4 e5 14.c5 Be7 15.Nxe5 Be6
16.f4 Rad8 17.Qa4 a6 18.f5 Bc8 19.Qc4 Rxd4 20.Qxd4 Rd8 21.Nd5 cxd5 22.exd5
Qa5 23.d6 Ne8 24.Qc4 1-0

[Event "POL-ChT3"]
[Site "Lazy POL"]
[Date "2012.09.02"]
[Round "2"]
[White "Moskwinski, Tadeusz"]
[Black "Knoff, Mariusz"]
[Result "1-0"]
[WhiteElo "2078"]
[BlackElo "2088"]
[EventDate "2012.09.01"]
[PlyCount "0"]

1.c4 e6 2.g3 d5 3.Bg2 c6 4.Qc2 Be7 5.Nf3 Nd7 6.b3 Bf6 7.d4 Ne7 8.Bb2 Nf5 
9.Nbd2 Nd6 10.Ne5 Be7 11.O-O Nxe5 12.dxe5 Nf5 13.Rad1 Qb6 14.e4 dxe4 15.
Nxe4 c5 16.Nd6+ Kf8 17.Nxc8 Rxc8 18.Rd7 Rb8 19.Qe4 Ke8 20.Rfd1 h5 21.Rxb7 
Rxb7 22.Qxb7 Qxb7 23.Bxb7 Nd4 24.Bxd4 cxd4 25.Rxd4 g6 26.Bc6+ Kf8 27.Rd7 
Bc5 28.Kg2 Kg7 29.f4 Rc8 30.Be4 Kf8 31.Bb7 Rb8 32.Kf3 Ke8 33.Bc6 Rb6 34.
Ba4 Kf8 35.Rc7 Bd4 36.Rc8+ Kg7 37.c5 Rb7 38.c6 Re7 39.c7 1-0

[Event "POL-ChT3"]
[Site "Lazy POL"]
[Date "2012.09.02"]
[Round "2"]
[White "Filipek, Halina"]
[Black "Andrzejewska, Anna"]
[Result "0-1"]
[WhiteElo "1760"]
[BlackElo "1990"]
[EventDate "2012.09.01"]
[PlyCount "60"]

1.d4 d5 2.Nf3 Nf6 3.Bf4 c5 4.e3 Nc6 5.c3 Qb6 6.Qb3 c4 7.Qc2 Bf5 8.Qc1 h6 
9.h3 e6 10.Nbd2 Be7 11.Be2 O-O 12.O-O Qa5 13.Ne5 Nxe5 14.Bxe5 Nd7 15.Bh2 
b5 16.a3 Qb6 17.Bd1 Bd3 18.Re1 a5 19.Bc2 b4 20.Bxd3 cxd3 21.c4 Rfc8 22.c5 
Qb5 23.a4 Qa6 24.f4 f6 25.Nf3 Bxc5 26.dxc5 Nxc5 27.Qd1 Ne4 28.Nd4 d2 29.
Re2 Qd3 30.Qb3 Rc1+ 0-1

[Event "POL-ChT3"]
[Site "Lazy POL"]
[Date "2012.09.02"]
[Round "2"]
[White "Siwiec, Bartlomiej"]
[Black "Weichhold, Pawel"]
[Result "0-1"]
[WhiteElo "2216"]
[BlackElo "2374"]
[EventDate "2012.09.01"]
[PlyCount "66"]

1.d4 Nf6 2.c4 e6 3.Nc3 Bb4 4.e3 O-O 5.Bd3 d5 6.a3 Bxc3+ 7.bxc3 dxc4 8.Bxc4
c5 9.Ne2 Qc7 10.Bd3 b6 11.O-O Bb7 12.Ng3 Nc6 13.Bb2 e5 14.Nh5 Qe7 15.Nxf6+
Qxf6 16.d5 Na5 17.c4 Qe7 18.Qc2 h6 19.e4 f6 20.f4 exf4 21.Rxf4 Rae8 22.
Raf1 b5 23.cxb5 c4 24.Qc3 cxd3 25.Qxa5 Qc5+ 26.Kh1 Rf7 27.a4 Rfe7 28.Qd2 
Rxe4 29.Rxf6 Rg4 30.h3 Rg5 31.R6f5 Rxf5 32.Rxf5 Re2 33.Qxd3 Rxb2 0-1

[Event "POL-ChT3"]
[Site "Lazy POL"]
[Date "2012.09.02"]
[Round "2"]
[White "Sokolowski, Ryszard"]
[Black "Brzezinski, Mateusz"]
[Result "1/2-1/2"]
[WhiteElo "2100"]
[BlackElo "2108"]
[EventDate "2012.09.01"]
[PlyCount "93"]

1.Nf3 Nf6 2.c4 e6 3.g3 d5 4.Bg2 Nbd7 5.b3 c6 6.Bb2 Be7 7.O-O O-O 8.d3 b6 
9.e4 Bb7 10.e5 Ne8 11.cxd5 cxd5 12.d4 Ba6 13.Re1 Rc8 14.Na3 Nc7 15.Rc1 Nb8
16.Qd2 Qd7 17.h4 Nc6 18.Nc2 Rfd8 19.h5 Qe8 20.Nh2 Qf8 21.h6 gxh6 22.Ng4 
Qg7 23.Nce3 Nb5 24.Red1 h5 25.Nh2 h4 26.gxh4 Kh8 27.f4 Qh6 28.f5 Qxh4 29.
Nf3 Qf4 30.a4 Na3 31.Ra1 Rg8 32.Qf2 Rg3 33.Bxa3 Bxa3 34.Nf1 Bxf1 35.Kxf1 
Rcg8 36.Rxa3 Rxg2 37.Qxg2 Rxg2 38.Kxg2 Nb4 39.fxe6 fxe6 40.Rd2 Qe3 41.Ra1 
Qxb3 42.Rc1 a5 43.Rc7 Qb1 44.Kh2 Qf5 45.Rg2 Qf4+ 46.Rg3 h6 47.Rc8+ 1/2-1/2

[Event "POL-ChT3"]
[Site "Lazy POL"]
[Date "2012.09.02"]
[Round "2"]
[White "Kulczyk, Pawel"]
[Black "Adamowicz, Maciej"]
[Result "1-0"]
[WhiteElo "2080"]
[BlackElo "1985"]
[EventDate "2012.09.01"]
[PlyCount "48"]

1.d4 g6 2.c4 Bg7 3.Nc3 c5 4.d5 Bxc3+ 5.bxc3 f5 6.Nf3 Nf6 7.Bh6 Qa5 8.Qc2 
Ne4 9.Rc1 d6 10.e3 Nd7 11.Bd3 Nef6 12.O-O Nb6 13.Bg7 Rg8 14.Bxf6 exf6 15.
e4 f4 16.Qd2 g5 17.e5 fxe5 18.Bxh7 Rg7 19.Qc2 g4 20.Bg6+ Kf8 21.Ng5 Qa4 
22.Qb1 Qxc4 23.Ne6+ Bxe6 24.dxe6 Rxg6 1-0

[Event "POL-ChT3"]
[Site "Lazy POL"]
[Date "2012.09.02"]
[Round "2"]
[White "Wisniewski, Adam"]
[Black "Malaczek, Mateusz"]
[Result "1-0"]
[WhiteElo "1956"]
[BlackElo "1816"]
[EventDate "2012.09.01"]
[PlyCount "77"]

1.e4 g6 2.d4 Bg7 3.c3 d6 4.Nf3 Nf6 5.Bd3 O-O 6.O-O Nbd7 7.Re1 e5 8.dxe5 
Nxe5 9.Nxe5 dxe5 10.Qc2 Be6 11.Bg5 c6 12.a4 Qc7 13.Na3 h6 14.Be3 b6 15.f3 
Nh5 16.g3 Rae8 17.a5 f5 18.axb6 axb6 19.Bf2 b5 20.Bc5 Rf7 21.c4 b4 22.Nb1 
Qd8 23.Ra7 Rxa7 24.Bxa7 Qg5 25.Bf2 Rf8 26.Kh1 Qe7 27.c5 f4 28.g4 Nf6 29.
Bc4 Kh7 30.Rd1 Nd7 31.Bxe6 Qxe6 32.Rd6 Qe7 33.Rxc6 Re8 34.Nd2 h5 35.h3 
hxg4 36.fxg4 Nf6 37.Bh4 Qd7 38.Rd6 Qf7 39.Nf3 1-0

[Event "POL-ChT3"]
[Site "Lazy POL"]
[Date "2012.09.02"]
[Round "2"]
[White "Adamowicz, Katarzyna"]
[Black "Paprocka, Renata"]
[Result "1/2-1/2"]
[WhiteElo "2109"]
[BlackElo "1985"]
[EventDate "2012.09.01"]
[PlyCount "0"]

1.e4 c5 2.Nf3 d6 3.d4 cxd4 4.Nxd4 Nf6 5.Nc3 g6 6.Be2 Bg7 7.O-O O-O 8.Be3 
Nc6 9.Nb3 Be6 10.f4 Rc8 11.Kh1 a6 12.Qe1 Nb4 13.Nd4 Bd7 14.a3 Nc6 15.Rd1 
Na5 16.Nb3 Nxb3 17.cxb3 Be6 18.e5 Nd7 19.exd6 Bxb3 20.Rd3 Bc4 21.Rd2 exd6 
22.Bxc4 Rxc4 23.Rxd6 Qe7 24.Qd2 Nf6 25.Qd3 Re8 26.Bb6 Rcc8 27.Rd1 Ng4 28.
Qf3 Qh4 29.h3 Re1+ 30.Rxe1 Qxe1+ 31.Bg1 Nh6 32.Qxb7 Re8 33.Rd1 Qe6 34.Bf2 
Nf5 35.Qf3 Qc4 36.Kh2 h5 37.Rd3 Rb8 38.b4 h4 39.Nd5 Re8 40.Qd1 Qa2 41.Qd2 
Re2 42.Qxa2 Rxa2 43.Bc5 Ng3 44.Be7 Nf5 45.Nf6+ Bxf6 46.Bxf6 g5 47.Rd5 Ne3 
48.Rxg5+ Kh7 49.Bd4 Rxa3 50.Rg7+ Kh6 51.Rxf7 Nc2 52.Rf6+ Kh7 53.Bc5 Ra2 
54.Re6 Ra1 55.Re5 Kg6 56.Rg5+ Kh6 57.Rg4 Rb1 58.Rxh4+ Kg6 59.Kg3 Rb3+ 60.
Kf2 Kf5 61.Rh6 Nxb4 62.Bxb4 Rxb4 63.Rxa6 Rb2+ 64.Kg3 Rb3+ 65.Kh2 Kxf4 66.
Rg6 Ra3 67.h4 Kf5 68.Rg8 Kf6 69.g3 Kf7 70.Rg4 Kf6 71.Kh3 Kf5 72.Rb4 Rc3 
73.h5 Kg5 74.Rb5+ Kh6 75.Kh4 Rc1 76.Rb6+ Kh7 77.g4 Rc4 78.h6 Rc1 79.Kh5 
Rc5+ 80.g5 Ra5 81.Rb7+ Kg8 82.h7+ Kh8 83.Rb8+ Kxh7 84.Rb7+ Kg8 85.Kh6 Ra6+
86.g6 Ra8 87.Rb6 Rc8 88.Kg5 Rc1 89.Re6 Rg1+ 90.Kf6 Rf1+ 91.Ke7 Kg7 92.Rd6 
1/2-1/2

[Event "POL-ChT3"]
[Site "Lazy POL"]
[Date "2012.09.02"]
[Round "2"]
[White "Jagodzinski, Piotr"]
[Black "Plonczak, Dominik"]
[Result "1-0"]
[WhiteElo "2167"]
[BlackElo "2169"]
[EventDate "2012.09.01"]
[PlyCount "45"]

1.e4 e5 2.Nf3 Nc6 3.Bb5 a6 4.Ba4 d6 5.c3 g6 6.d3 Bg7 7.O-O Ne7 8.Qe2 O-O 
9.Rd1 b5 10.Bc2 h6 11.d4 exd4 12.cxd4 f5 13.e5 Kh8 14.a4 Rb8 15.axb5 axb5 
16.Bb3 Qe8 17.exd6 cxd6 18.Bf4 Qd8 19.d5 Na5 20.Rxa5 Qxa5 21.Bxd6 Rb7 22.
Bxe7 Re8 23.d6 1-0

[Event "POL-ChT3"]
[Site "Lazy POL"]
[Date "2012.09.02"]
[Round "2"]
[White "Bartkowiak, Damian"]
[Black "Goluch, Piotr"]
[Result "0-1"]
[WhiteElo "2134"]
[BlackElo "2239"]
[EventDate "2012.09.01"]
[PlyCount "0"]

1.e4 c6 2.d4 d5 3.exd5 cxd5 4.Bd3 Nc6 5.c3 g6 6.f4 Nf6 7.Nf3 Bf5 8.Bxf5 
gxf5 9.O-O e6 10.Nbd2 Bd6 11.Ne5 Qc7 12.Qe2 a6 13.Kh1 h5 14.a4 Ne7 15.Rf3 
Ne4 16.c4 Bxe5 17.fxe5 Nxd2 18.Bxd2 Qxc4 19.Rd3 Rc8 20.b3 Qc2 21.Rc1 Qb2 
22.Rxc8+ Nxc8 23.Rc3 Ne7 24.h3 Qb1+ 25.Kh2 Kd7 26.b4 Qe4 27.Qf2 Rc8 28.
Rxc8 Nxc8 29.Bh6 Ne7 30.b5 axb5 31.axb5 Qb1 32.Qe2 h4 33.Bg5 Ng6 34.Qf2 
Qxb5 35.Bxh4 Qd3 36.Qb2 Kc6 37.Bd8 Qb5 38.Qa3 Qc4 39.Qd6+ Kb5 40.Qb6+ Ka4 
41.h4 Qb4 42.Qa7+ Kb3 43.h5 Nf4 44.Bg5 Nxh5 45.Qa1 Kc4 46.Qf1+ Kxd4 47.Qe2
Qb3 48.Qxh5 Kxe5 49.Qxf7 d4 50.Qc7+ Ke4 51.Qf4+ Kd5 52.Bf6 Qe3 53.Qh4 d3 
54.Bg5 Qd4 55.Qh6 Qe5+ 56.Kh3 Qe4 57.Bd2 b5 58.Qg7 Kc6 59.Qg8 b4 60.Qc8+ 
Kb5 61.Qd7+ Kc4 62.Qa4 Qg4+ 63.Kh2 Qh4+ 64.Kg1 Qd4+ 65.Kh2 Qd6+ 66.g3 e5 
67.Qe8 Qd4 68.Qc8+ Kb3 69.Qxf5 Kc2 70.Bg5 b3 71.Qc8+ Qc3 72.Qd7 d2 73.Qf5+
Qd3 74.Qf2 b2 75.Qc5+ Qc3 76.Qf2 b1=Q 0-1